000 00364nam a2200133Ia 4500
008 151001s9999||||xx |||||||||||||| ||und||
100 _aसैदी एस हुसेन
245 _aडोंगरी ते दुबई
250 _a1
260 _bमेहता प्रकाशन पुणे
260 _c2013
300 _a9428
365 _b21
999 _c999327
_d999324